000 01410nam a22003374a 4500
001 ebr10023119
003 CaPaEBR
006 m u
007 cr cn|||||||||
008 010501s2002 ctu sb 001 0 eng
010 _z 2001032925
020 _z0275974405 (alk. paper)
040 _aCaPaEBR
_cCaPaEBR
035 _a(OCoLC)70758039
050 1 4 _aJK2071
_b.P75 2002eb
082 0 4 _a324.273/0154
_221
245 0 4 _aThe primary decision
_h[electronic resource] :
_ba functional analysis of debates in presidential primaries /
_cWilliam L. Benoit ... [et al.].
260 _aWestport, Conn. :
_bPraeger,
_c2002.
300 _axiii, 152 p.
490 1 _aPraeger series in political communication,
_x1062-5623
504 _aIncludes bibliographical references (p. [141]-145) and indexes.
533 _aElectronic reproduction.
_bPalo Alto, Calif. :
_cebrary,
_d2013.
_nAvailable via World Wide Web.
_nAccess may be limited to ebrary affiliated libraries.
650 0 _aPrimaries
_zUnited States.
650 0 _aCampaign debates
_zUnited States.
650 0 _aPresidents
_zUnited States
_xElection.
655 7 _aElectronic books.
_2local
700 1 _aBenoit, William L.
710 2 _aebrary, Inc.
830 0 _aPraeger series in political communication.
856 4 0 _uhttp://site.ebrary.com/lib/rucke/Doc?id=10023119
_zAn electronic book accessible through the World Wide Web; click to view
999 _c22544
_d22544